000 00353nam a2200133Ia 4500
008 240624s9999 xx 000 0 und d
041 _aeng
082 _a330.01 WHI
100 _aWHITE JOHN K
245 _aDO THE MATH ON GROWTH GREED AND STRATEGI
260 _c2013
_aLondon
_bSage Publications
300 _axix, : 371 : p. : cm. ; 23
365 _c
_b30
999 _c19729
_d19729